| 000 | 00851nam a2200229Ii 4500 | ||
|---|---|---|---|
| 003 | JO-AjNU | ||
| 008 | 230605s9999||||xx |||||||||||||| ||und|| | ||
| 017 | _a2009/2/597 | ||
| 020 | _a978-9957-07-632-0 | ||
| 040 |
_aJO-AjNU _bara _erda _cJO-AjNU |
||
| 041 | _aara | ||
| 050 | 1 | 4 | _aHQ767 .9 .K43 2010 |
| 100 | 3 |
_aالخوالدة، ناصر احمد / م.مشارك: رسمي عبد الملك رستم, _eauthor _930336 |
|
| 245 | 0 | 0 | _aالاسرة وتربية الطفل |
| 250 | _aط1 | ||
| 264 | 3 | 1 | _aعمان: دار الفكر ناشرون وموزعون، 2010 |
| 300 |
_a179ص _bيحتوي جداول و ببلوغرافية من ص 163-179ص |
||
| 336 |
_atext _btxt _2rdacontent |
||
| 337 |
_aunmediated _bn _2rdamedia |
||
| 338 |
_avolume _bnc _2rdacarrier |
||
| 650 | 4 |
_aالاسرة - اطفال - رعاية الطفولة _930337 |
|
| 999 |
_aA12013 _c15581 _d15581 |
||